000 01149nam a2200301 4500
003 EG-GICUC
005 20260314082451.0
008 260124s1984 ua |||fr|||| 000 0 ara d
040 _a EG-GICUC
_bara
_c EG-GICUC
_d EG-GICUC
_erda
041 0 _aara
082 0 4 _221
_a343.4
_bع ب . ت
092 0 4 _221
099 _aLaw1 01 343.4 ع ب . ت 1984
100 0 _aعبدالقادر عودة
_eمؤلف.
245 1 2 _aالتشريع الجنائي الإسلامي مقارنا بالقانون الوضعى.
_nالجزء الثانى،
_pالقسم الخاص /
_b
_cتأليف عبدالقادر عوده.
264 3 _aالقاهرة :
_bدار الطباعة الحديثة،
_c1984.
300 _a764 صفحة؛
_c24 سم.
336 _2rda content
_atext
337 _2rda media
_aComputer
338 _2rda carrier
_aOnline Resource
546 _aالنص باللغة العربية
650 1 _aالتشريع الجنائى الخاص
_2qrmak
650 1 _aالقانون الجنائى
_zqrmak
651 1 _2qrmak
856 4 0 _uhttps://fll.law.cu.edu.eg/fulltext/bks/B10-08092.pdf
905 _a54
942 _2ddc
_n0
_cBK
_e21
999 _c58871
_d58871